00737cam a22002537a 4500003000500000005001700005008004100022010001000063011001000073020001500083035001000098040000900108082001400117100002300131245011500154260005700269300002000326500005700346650002100403650002100424650001200445650001200457700001400469CHAP20220329142610.0010926d2000 mx r 00110 spa d a85493 a86465 a0632040661 a97003 cCHAP04a660.6 S2Y00aSchiechtl, Hugo M.10aWater bioengineering techniques for watercourse bank and shoreline protectionc/by H.M. Schiechtl and R. Stern aKlosterneuburg, Austria .bBlackwell Science,c1997. a186 p. :bilus. aTrad. de : Handbuch für naturnahen Wasserbau, 199414aBioingeniería.14aBiotecnología.14aBordos.14aRíos.00aStern, R.